| 000 | 00585nam a2200205 a 4500 | ||
|---|---|---|---|
| 001 | 19543 | ||
| 003 | CO-ViMGA | ||
| 008 | 141112s2004 ck r 000 u spa d | ||
| 020 | _a8440698070 | ||
| 040 |
_aCO-ViMGA _bspa _cCO-ViMGA |
||
| 082 | 0 | 4 | _a616.65 K474t |
| 100 | 1 |
_aKirk, David _928217 |
|
| 245 | 1 | 0 | _aLos trastornos de la prostata |
| 260 |
_aBarcelona : _bEdiciones B, _cGrupo Z, _c1999 |
||
| 300 | _a96 p. | ||
| 490 | _aGuías medicas Salud y Bienestar | ||
| 590 | _aForma de adquisición : Premio Mincultura | ||
| 650 | 1 | 4 |
_aPROSTATA - ENFERMEDADES _928218 |
| 942 |
_2ddc _cBK |
||
| 999 |
_c28683 _d28683 |
||